Villes traversées par le Danube - Mort Subite - Statistiques

Statistiques générales
  • Ce quiz a été pris 25 fois
  • Le résultat moyen est 3 sur 11
Answers on the Grid
Answers color-coded by a green-red scale on the quiz's grid according to % correct below.
Ulm
Budapest
Bratislava
Vienne
Belgrade
Sofia
Roussé
Bucarest
Timisoara
Novi Sad
Varna
Brno
Linz
Salzbourg
Ratisbonne
Munich
Zurich
Nuremberg
Stuttgart
Ingolstadt
Augsbourg
Maribor
Debrecen
Szeged
Györ
Zagreb
Prague
Vidin
 
Statistiques - réponses
Réponse % Correct
Budapest
68%
Vienne
64%
Belgrade
45%
Bratislava
45%
Ratisbonne
23%
Ulm
23%
Novi Sad
18%
Ingolstadt
14%
Linz
14%
Roussé
9%
Vidin
0%
Aucun quiz correspondant
Distribution des résultats
% des personnes avec chaque résultat
Percentile par nombre de réponses
Votre historique - résultats
Vous n’avez pas pris ce quiz